Résistance des matériaux

Na minha lista:
Detalhes bibliográficos
Autor principal: Jean Goulet
Formato: Livro
Idioma:Undetermined
Publicado em: Paris Dunod 1998
Assuntos:
Tags: Adicionar Tag
Sem tags, seja o primeiro a adicionar uma tag!
Thư viện lưu trữ: Trung tâm Học liệu Trường Đại học Cần Thơ
LEADER 00455nam a2200169Ia 4500
001 CTU_56404
008 210402s9999 xx 000 0 und d
082 |a 620.112 
082 |b G694 
100 |a Jean Goulet 
245 0 |a Résistance des matériaux 
245 0 |c Jean Goulet et Jean-Pierre Boutin 
260 |a Paris 
260 |b Dunod 
260 |c 1998 
650 |a strength of materials 
980 |a Trung tâm Học liệu Trường Đại học Cần Thơ